000 00423cam a2200169ua 4500
020 _c35.00
041 _aeng
_h
082 _a621.61
_bBAJ/GE
100 _aBajpal, M.N .
245 _aGeneration, transmission and distribution /
_cM.N.Bajpal.
_hTextual Documents
260 _aAllahabad :
_bT.P.I Printers ,
_c1983.
300 _a423 ; .
365 _a35.00
504 _a
942 _cBK
999 _c7526
_d7526